Tres estudios históricos. I. El escudo de armas de la ciudad de Santiago. II. El acta del cabildo abierto del 18 de septiembre de 1810. III. Quienes firmaron esa acta?

Salvato in:
Dettagli Bibliografici
Natura: Libro
Lingua:spagnolo
Pubblicazione: Santiago, Chile D. G. de Prisiones 1952
Soggetti:
Tags: Aggiungi Tag
Nessun Tag, puoi essere il primo ad aggiungerne!!

MARC

LEADER 00000nam a2200000 a 4500
001 UCO2075
003 CL-VaPUC
005 20211116074330.0
008 000602e19520000CL |||||||||||||||||spa|d
999 |c 288616  |d 288614 
040 |c Pontificia Universidad Católica de Valparaíso 
082 0 4 |a 983.04 MED 1952  |2 21 
245 1 0 |a Tres estudios históricos.  |b  I. El escudo de armas de la ciudad de Santiago. II. El acta del cabildo abierto del 18 de septiembre de 1810. III. Quienes firmaron esa acta? 
260 |a Santiago, Chile  |b D. G. de Prisiones  |c 1952 
300 |a 32 páginas 
583 |a last modification  |c 20121207 08:42:36  |k Rodrigo Vera 
610 |a CABILDO DE SANTIAGO  |z CHILE  |9 856543 
650 0 |a Historia de Chile  |x ACTAS  |x INDEPENDENCIA  |9 265473 
650 7 |a CABILDOS  |2 CL-VaPUC  |9 375432  |z CHILE 
852 |a BIBCUR 
942 |c BK  |2 ddc 
945 |d 20000602 00:00:00  |a crobeson 
952 |0 0  |1 0  |2 ddc  |4 0  |6 983_040000000000000_MED_1952  |7 0  |8 A  |9 336412  |a BIBHIS  |b BIBHIS  |d 2019-11-20  |i 1278215  |o 983.04 MED 1952  |p 1278215  |r 2025-01-20  |t 1  |w 2019-11-20  |y BK  |k HIS